Stall Points : (Record no. 596526)

MARC details
000 -LEADER
fixed length control field 00427nam a2200181 a 4500
008 - FIXED-LENGTH DATA ELEMENTS--GENERAL INFORMATION
fixed length control field 251108s2009##################000#0#eng##
020 ## - INTERNATIONAL STANDARD BOOK NUMBER
ISBN 9780300158519
082 04 - DEWEY DECIMAL CLASSIFICATION NUMBER
Classification number 658.4012
Item number OLS
100 1# - MAIN ENTRY--AUTHOR NAME
Personal name Olson, Matthew S.,
245 10 - TITLE STATEMENT
Title Stall Points :
260 ## - PUBLICATION, DISTRIBUTION, ETC. (IMPRINT)
Year of publication 2009.
650 #0 - SUBJECT ADDED ENTRY--TOPICAL TERM
Topical Term Business planning.
942 ## - ADDED ENTRY ELEMENTS (KOHA)
Koha item type English Books
Holdings
Withdrawn status Lost status Damaged status Not for loan Home library Current library Shelving location Date acquired Full call number Accession Number Price effective from Koha item type
        Anna Centenary Library Anna Centenary Library 6TH FLOOR, A WING 08.11.2025 658.4012 OLS 124047 08.11.2025 English Books

Find us on the map